[Event "GER Cup Net V3 U2000"]
[Site "Playchess.com INT"]
[Date "2020.05.27"]
[Round "5"]
[White "Bashylina, Luisa"]
[Black "Becker, Wolfgang"]
[Result "1-0"]
[WhiteElo "1941"]
[BlackElo "1715"]
[PlyCount "55"]
[EventDate "2020.05.27"]
[EventType "swiss (blitz)"]
[EventRounds "9"]
[EventCountry "GER"]
[SourceTitle "EXT 2021"]
[Source "ChessBase"]
[SourceDate "2020.10.23"]
[SourceVersion "1"]
[SourceVersionDate "2020.10.23"]
[SourceQuality "1"]

1. e4 c6 2. d4 d5 3. e5 Bf5 4. g4 Bg6 5. h4 h5 6. e6 Qd6 7. exf7+ Bxf7 8. Nf3 g6 9. Ne5 Bg7 10. Nxf7 Kxf7 11. Bd3 e5 12. dxe5 Qxe5+ 13. Kf1 Nf6 14. g5 Ne4 15. Qf3+ Qf5 16. Qxf5+ gxf5 17. Kg2 Kg6 18. c3 Nd7 19. f3 Nd6 20. Bf4 Nf7 21. Nd2 Rhe8 22. Rae1 Nde5 23. Bc2 Re7 24. Re2 Rae8 25. Rhe1 c5 26. Nf1 b6 27. Ng3 d4 28. Bxf5# 1-0

[Event "GER Cup Net V3 U2000"]
[Site "Playchess.com INT"]
[Date "2020.05.27"]
[Round "1"]
[White "Becker, Wolfgang"]
[Black "Bascheck, Ralf"]
[Result "0-1"]
[WhiteElo "1715"]
[BlackElo "1487"]
[PlyCount "72"]
[EventDate "2020.05.27"]
[EventType "swiss (blitz)"]
[EventRounds "9"]
[EventCountry "GER"]
[SourceTitle "EXT 2021"]
[Source "ChessBase"]
[SourceDate "2020.10.23"]
[SourceVersion "1"]
[SourceVersionDate "2020.10.23"]
[SourceQuality "1"]

1. d4 Nf6 2. Bf4 g6 3. e3 Bg7 4. Be2 d6 5. c3 Nbd7 6. Nf3 0-0 7. h3 Re8 8. Nbd2 e5 9. dxe5 dxe5 10. Bh2 c5 11. 0-0 b6 12. b4 Nd5 13. Qb3 Bb7 14. Rac1 Rc8 15. a3 Qe7 16. c4 Nc7 17. b5 e4 18. Ne1 Be5 19. Bxe5 Nxe5 20. a4 Rcd8 21. Qc3 Qd7 22. Nb3 Nd3 23. a5 Nxc1 24. Nxc1 Qd2 25. Qxd2 Rxd2 26. axb6 axb6 27. f4 f5 28. g4 Ra8 29. gxf5 gxf5 30. Bh5 Kg7 31. Kh1 Kh6 32. Bf7 Rf8 33. Bd5 Nxd5 34. cxd5 Bxd5 35. Rg1 Rg8 36. Rf1 Bc4 0-1

[Event "GER Cup Net V3 U2000"]
[Site "Playchess.com INT"]
[Date "2020.05.27"]
[Round "6"]
[White "Wall, Viktor"]
[Black "Becker, Wolfgang"]
[Result "1/2-1/2"]
[WhiteElo "1565"]
[BlackElo "1715"]
[PlyCount "119"]
[EventDate "2020.05.27"]
[EventType "swiss (blitz)"]
[EventRounds "9"]
[EventCountry "GER"]
[SourceTitle "EXT 2021"]
[Source "ChessBase"]
[SourceDate "2020.10.23"]
[SourceVersion "1"]
[SourceVersionDate "2020.10.23"]
[SourceQuality "1"]

1. e4 c6 2. d4 d5 3. e5 Bf5 4. h4 h6 5. Bd3 Bxd3 6. Qxd3 e6 7. Nc3 Be7 8. Be3 Bxh4 9. 0-0-0 Bg5 10. f4 Be7 11. f5 exf5 12. Qxf5 Qd7 13. Qf2 Qe6 14. Nh3 Nd7 15. Nf4 Qf5 16. Rh5 g5 17. Nd3 Qxf2 18. Bxf2 0-0-0 19. g4 f6 20. exf6 Ngxf6 21. Rhh1 Nxg4 22. Bg3 Ne3 23. Rde1 Nf5 24. Bh2 Bf6 25. Rhf1 Bxd4 26. Rxf5 Bxc3 27. bxc3 Rde8 28. Rxe8+ Rxe8 29. Kd2 Rg8 30. Ne5 Nxe5 31. Bxe5 g4 32. Ke2 g3 33. Kf1 g2+ 34. Kg1 Kd7 35. Rf2 Ke6 36. Bh2 c5 37. Rxg2 Rxg2+ 38. Kxg2 d4 39. cxd4 cxd4 40. Kf3 Kd5 41. Bb8 a6 42. Ke2 Kc4 43. Kd2 h5 44. a3 h4 45. Be5 h3 46. Bf4 b5 47. Be5 a5 48. Bf4 b4 49. axb4 a4 50. Kc1 Kxb4 51. Kb2 a3+ 52. Kc1 Kc3 53. Bd2+ Kc4 54. Bf4 d3 55. cxd3+ Kxd3 56. Kb1 Ke4 57. Bc7 Kf3 58. Ka2 Kg2 59. Kxa3 h2 60. Bxh2 1/2-1/2

[Event "GER Cup Net V1 U2000"]
[Site "Playchess.com INT"]
[Date "2020.05.19"]
[Round "8"]
[White "Heutling, Elina"]
[Black "Becker, Wolfgang"]
[Result "0-1"]
[WhiteElo "1636"]
[BlackElo "1735"]
[PlyCount "68"]
[EventDate "2020.05.19"]
[EventType "swiss (blitz)"]
[EventRounds "9"]
[EventCountry "GER"]
[SourceTitle "EXT 2021"]
[Source "ChessBase"]
[SourceDate "2020.10.23"]
[SourceVersion "1"]
[SourceVersionDate "2020.10.23"]
[SourceQuality "1"]

1. e4 c6 2. d4 d5 3. exd5 cxd5 4. c4 Nf6 5. Nc3 Nc6 6. Bg5 e6 7. Nf3 Be7 8. Bd3 0-0 9. 0-0 dxc4 10. Bxc4 a6 11. Bb3 b5 12. Bc2 Na5 13. Qd3 g6 14. Bh6 Re8 15. Ne5 Bb7 16. Rfe1 Rc8 17. Qe3 Nc4 18. Qe2 Nxe5 19. dxe5 Nd5 20. Rad1 Qc7 21. Ne4 Qxc2 22. Rd2 Qc7 23. Rxd5 Bxd5 24. Nf6+ Bxf6 25. exf6 Qd6 26. Qe3 e5 27. Bg7 Re6 28. Qg5 Bxa2 29. g4 Bc4 30. Qh4 Qd2 31. Re3 Qd1+ 32. Kg2 Bd5+ 33. Kg3 Qg1+ 34. Kh3 Qg2# 0-1

[Event "GER Cup Net V1 U2000"]
[Site "Playchess.com INT"]
[Date "2020.05.19"]
[Round "5"]
[White "Meyer, Irmin"]
[Black "Becker, Wolfgang"]
[Result "0-1"]
[WhiteElo "1620"]
[BlackElo "1728"]
[PlyCount "62"]
[EventDate "2020.05.19"]
[EventType "swiss (blitz)"]
[EventRounds "9"]
[EventCountry "GER"]
[SourceTitle "EXT 2021"]
[Source "ChessBase"]
[SourceDate "2020.10.23"]
[SourceVersion "1"]
[SourceVersionDate "2020.10.23"]
[SourceQuality "1"]

1. e4 c6 2. c4 d5 3. exd5 cxd5 4. cxd5 Qxd5 5. Nc3 Qd8 6. Nf3 Nf6 7. d4 g6 8. Bc4 Bg7 9. 0-0 0-0 10. h3 a6 11. a4 b6 12. Bf4 Bb7 13. Re1 Nbd7 14. Rc1 Rc8 15. Ba2 Re8 16. Ne5 Nxe5 17. dxe5 Nh5 18. Bh2 Bf8 19. Qxd8 Rexd8 20. g4 Ng7 21. Rcd1 e6 22. Kf1 Bb4 23. Rxd8+ Rxd8 24. Rc1 h5 25. Bb3 hxg4 26. hxg4 Bf3 27. Ne2 Bxg4 28. Rc6 Nf5 29. Rxb6 a5 30. Bc2 Rd2 31. Bb3 Bxe2+ 0-1

[Event "GER Cup Net V1 U2000"]
[Site "Playchess.com INT"]
[Date "2020.05.19"]
[Round "4"]
[White "Mueller, Martin1111"]
[Black "Becker, Wolfgang"]
[Result "1-0"]
[WhiteElo "1620"]
[BlackElo "1752"]
[PlyCount "179"]
[EventDate "2020.05.19"]
[EventType "swiss (blitz)"]
[EventRounds "9"]
[EventCountry "GER"]
[SourceTitle "EXT 2021"]
[Source "ChessBase"]
[SourceDate "2020.10.23"]
[SourceVersion "1"]
[SourceVersionDate "2020.10.23"]
[SourceQuality "1"]

1. d4 d5 2. c4 c6 3. Nf3 Nf6 4. e3 Bg4 5. Nc3 e6 6. Bd3 Nbd7 7. e4 dxe4 8. Nxe4 Nxe4 9. Bxe4 Nf6 10. Bc2 Bb4+ 11. Kf1 Bxf3 12. gxf3 Qc7 13. Bg5 Be7 14. Qd3 h6 15. Bh4 Qd7 16. Bg3 0-0-0 17. Rd1 Rhg8 18. Kg2 g5 19. Rhe1 g4 20. fxg4 Nxg4 21. h3 Nf6 22. Re3 Nh5 23. Kh2 Nxg3 24. fxg3 Qc7 25. Rf1 Bg5 26. Ref3 f5 27. d5 cxd5 28. cxd5 Rxd5 29. Qa3 Rd2+ 30. Kh1 Qxc2 31. Rc3+ Qxc3 32. Qxc3+ Kb8 33. h4 Rc8 34. Qe5+ Ka8 35. Qxe6 Rdd8 36. hxg5 hxg5 37. Kg2 Rc2+ 38. Rf2 Rc6 39. Qxf5 a6 40. Qxg5 Rdc8 41. Qf4 R6c7 42. b4 Rc4 43. Qf5 R4c7 44. b5 a5 45. a4 Rc5 46. Qe6 Ka7 47. g4 Rc4 48. Kg3 R8c7 49. Rf4 Rc3+ 50. Kh4 Rh7+ 51. Kg5 Rg7+ 52. Kf6 Rh7 53. Kg6 Rh8 54. g5 Rg3 55. Qe5 Rg8+ 56. Kh5 Rh8+ 57. Kg6 Rg8+ 58. Kf6 Rf8+ 59. Kg7 Rc8 60. b6+ Kxb6 61. Qb5+ Ka7 62. Qxa5+ Kb8 63. Qe5+ Ka8 64. Rf5 Rg1 65. Qa5+ Kb8 66. Qb6 Rc7+ 67. Kf8 Rc8+ 68. Ke7 Rc7+ 69. Kd8 Rd1+ 70. Ke8 Rc8+ 71. Ke7 Rc7+ 72. Qxc7+ Kxc7 73. g6 Rg1 74. Kf7 Kd7 75. g7 Kd6 76. g8Q Rxg8 77. Kxg8 Kc6 78. Kf7 b6 79. Ke7 Kc7 80. Ke6 Kc6 81. Rd5 Kc7 82. Rb5 Kc6 83. Ke5 Kc7 84. Kd5 Kb7 85. a5 Ka6 86. Rxb6+ Kxa5 87. Rb8 Ka6 88. Kc5 Ka7 89. Rb1 Ka6 90. Rb2 1-0

[Event "GER-ch Net Amateur Gr-B Final"]
[Site "Playchess.com INT"]
[Date "2020.04.18"]
[Round "9"]
[White "Becker, Wolfgang"]
[Black "Schmukal, Jens"]
[Result "0-1"]
[WhiteElo "1773"]
[BlackElo "1758"]
[PlyCount "122"]
[EventDate "2020.04.18"]
[EventType "swiss (blitz)"]
[EventRounds "13"]
[EventCountry "GER"]
[SourceTitle "CBM 195 Extra"]
[Source "ChessBase"]
[SourceDate "2020.05.31"]
[SourceVersion "1"]
[SourceVersionDate "2020.05.31"]
[SourceQuality "1"]

1. d4 d5 2. Bf4 Nf6 3. e3 g6 4. Nf3 Bg7 5. c3 Bg4 6. Nbd2 0-0 7. h3 Bxf3 8. Nxf3 Nbd7 9. Be2 c5 10. 0-0 c4 11. Qc2 Ne4 12. Bxc4 Nxc3 13. bxc3 dxc4 14. Rab1 b6 15. e4 Re8 16. e5 e6 17. Rfe1 Qc7 18. Bg3 Qc6 19. Nd2 b5 20. Ne4 Bf8 21. Nd6 Bxd6 22. exd6 Nf6 23. Be5 Nd7 24. Bg3 Nf6 25. Rb2 Nh5 26. Bh2 Ng7 27. Reb1 a6 28. a4 Nf5 29. axb5 axb5 30. Rxb5 Red8 31. Rc5 Qa6 32. Qe2 Nxd6 33. Bxd6 Rxd6 34. Qxc4 Qa3 35. Rc8+ Rxc8 36. Qxc8+ Kg7 37. Qc7 Rd5 38. Rb7 Rf5 39. g4 Qc1+ 40. Kg2 Rf6 41. c4 Qd2 42. Qg3 Qxd4 43. Rc7 Qe4+ 44. f3 Qe2+ 45. Qf2 Qe5 46. Rc8 Rf4 47. c5 Qc3 48. Kg3 Rc4 49. h4 h6 50. Rc7 Qe5+ 51. Kg2 Qxc7 52. Qb2+ Kh7 53. h5 Qxc5 54. hxg6+ Kxg6 55. Qb1+ Kg7 56. Qb2+ Qd4 57. Qe2 Rb4 58. Kg3 Rb2 59. Qe4 Qxe4 60. fxe4 Kg6 61. Kf4 Rb4 0-1

[Event "GER-ch Net Amateur Gr-B Final"]
[Site "Playchess.com INT"]
[Date "2020.04.18"]
[Round "10"]
[White "Fenski, Matthias"]
[Black "Becker, Wolfgang"]
[Result "1-0"]
[WhiteElo "1719"]
[BlackElo "1773"]
[PlyCount "101"]
[EventDate "2020.04.18"]
[EventType "swiss (blitz)"]
[EventRounds "13"]
[EventCountry "GER"]
[SourceTitle "CBM 195 Extra"]
[Source "ChessBase"]
[SourceDate "2020.05.31"]
[SourceVersion "1"]
[SourceVersionDate "2020.05.31"]
[SourceQuality "1"]

1. c4 c6 2. e4 d5 3. exd5 cxd5 4. Nf3 dxc4 5. Qa4+ Nc6 6. Qxc4 e6 7. d4 Nf6 8. Nc3 Be7 9. Bd3 0-0 10. a3 a6 11. 0-0 Na5 12. Qa2 b5 13. b4 Nc6 14. Be3 Bb7 15. Rac1 Rc8 16. Qb1 g6 17. Rfd1 Nd5 18. Bh6 Re8 19. Ne4 Nf6 20. Nc5 Bxc5 21. dxc5 Qc7 22. h4 Ne5 23. Nxe5 Qxe5 24. Qa1 Qxa1 25. Rxa1 Ng4 26. Be3 Nxe3 27. fxe3 Rcd8 28. Be2 Be4 29. Bf3 Bxf3 30. gxf3 Kf8 31. Kf2 Ke7 32. Ke2 e5 33. e4 f5 34. Rd5 Ke6 35. Rad1 Rxd5 36. Rxd5 Ra8 37. Rd6+ Ke7 38. Rb6 a5 39. Rxb5 axb4 40. axb4 Ra2+ 41. Kd3 Ra3+ 42. Kc4 Rxf3 43. Kd5 fxe4 44. Kxe4 Rf4+ 45. Kxe5 Rxh4 46. Rb7+ Kd8 47. c6 Kc8 48. Rf7 Rh5+ 49. Kd6 Kb8 50. c7+ Kb7 51. Rf8 1-0

[Event "GER-ch Net Amateur Gr-B Final"]
[Site "Playchess.com INT"]
[Date "2020.04.18"]
[Round "7"]
[White "Noack, Mario"]
[Black "Becker, Wolfgang"]
[Result "1-0"]
[WhiteElo "1671"]
[BlackElo "1773"]
[PlyCount "127"]
[EventDate "2020.04.18"]
[EventType "swiss (blitz)"]
[EventRounds "13"]
[EventCountry "GER"]
[SourceTitle "CBM 195 Extra"]
[Source "ChessBase"]
[SourceDate "2020.05.31"]
[SourceVersion "1"]
[SourceVersionDate "2020.05.31"]
[SourceQuality "1"]

1. d4 d5 2. c4 c6 3. Nc3 Nf6 4. cxd5 cxd5 5. Bf4 e6 6. e3 Bd6 7. Bg3 Bxg3 8. hxg3 Nc6 9. a3 Bd7 10. Bd3 a6 11. Nf3 b5 12. b4 Rc8 13. Rc1 h6 14. Nd2 Ne7 15. Nb3 0-0 16. 0-0 Bc6 17. Nc5 Ra8 18. Qc2 Qd6 19. Ne2 Rfc8 20. Qb1 Be8 21. Rc3 e5 22. dxe5 Qxe5 23. Nd4 Ng4 24. Be2 Nf6 25. Rfc1 Ne4 26. Nxe4 Qxe4 27. Qxe4 dxe4 28. Rxc8 Rxc8 29. Rxc8 Nxc8 30. Bg4 Nd6 31. Be2 g6 32. Kf1 f5 33. Ke1 Kf7 34. Kd2 Kf6 35. Kc3 Ke5 36. Kb3 Bd7 37. Kc3 g5 38. Nc2 Be6 39. Bf1 Bd5 40. Be2 f4 41. exf4+ gxf4 42. gxf4+ Kxf4 43. g3+ Ke5 44. Ne3 Bb7 45. Ng4+ Kf5 46. Nxh6+ Kg6 47. Ng4 Kf5 48. Ne3+ Ke5 49. g4 Kf4 50. Kd4 Nf7 51. Nd5+ Bxd5 52. Kxd5 Ng5 53. Kc6 Ne6 54. Kb6 Nd4 55. Bd1 Nf3 56. Kxa6 Kxg4 57. Kxb5 Kf4 58. a4 Nd4+ 59. Kb6 Ke5 60. a5 Kd6 61. a6 Nc6 62. b5 Nb8 63. a7 Nd7+ 64. Ka5 1-0

[Event "GER-ch Net Amateur Gr-B Vor3"]
[Site "Playchess.com INT"]
[Date "2020.04.16"]
[Round "2"]
[White "Nithammer, Wolfgang"]
[Black "Becker, Wolfgang"]
[Result "0-1"]
[WhiteElo "1636"]
[BlackElo "1753"]
[PlyCount "88"]
[EventDate "2020.04.16"]
[EventType "swiss (blitz)"]
[EventRounds "9"]
[EventCountry "GER"]
[SourceTitle "CBM 195 Extra"]
[Source "ChessBase"]
[SourceDate "2020.05.31"]
[SourceVersion "1"]
[SourceVersionDate "2020.05.31"]
[SourceQuality "1"]

1. e4 c6 2. Nc3 d5 3. d3 dxe4 4. Nxe4 Nf6 5. Nxf6+ exf6 6. Nf3 Be7 7. Be2 0-0 8. 0-0 Nd7 9. Re1 Ne5 10. d4 Ng6 11. c3 Bd6 12. g3 Qc7 13. Nd2 f5 14. Nc4 Re8 15. Nxd6 Qxd6 16. Bd3 Bd7 17. Be3 f4 18. Bd2 fxg3 19. hxg3 Nf8 20. Qf3 Rxe1+ 21. Rxe1 Re8 22. Rxe8 Bxe8 23. Bc4 b5 24. Bb3 a5 25. Bf4 Qd7 26. a3 Ne6 27. Be5 f6 28. Bf4 Bf7 29. Bd2 a4 30. Ba2 Nd8 31. Bxf7+ Nxf7 32. Bf4 g5 33. Be3 Kg7 34. Qe4 Nd6 35. Qd3 Nc4 36. Qc2 Qe6 37. Qe2 Kg6 38. Kf1 f5 39. Qd3 Kf6 40. Qe2 Kg6 41. Bc1 Qxe2+ 42. Kxe2 h5 43. Kd3 h4 44. b3 axb3 0-1

[Event "GER-ch Net Amateur Gr-B Vor2"]
[Site "Playchess.com INT"]
[Date "2020.04.15"]
[Round "1"]
[White "Brunauer, Simon"]
[Black "Becker, Wolfgang"]
[Result "0-1"]
[WhiteElo "1537"]
[BlackElo "1689"]
[PlyCount "68"]
[EventDate "2020.04.15"]
[EventType "swiss (blitz)"]
[EventRounds "9"]
[EventCountry "GER"]
[SourceTitle "CBM 196 Extra"]
[Source "ChessBase"]
[SourceDate "2020.07.31"]
[SourceVersion "1"]
[SourceVersionDate "2020.07.31"]
[SourceQuality "1"]

1. c4 c6 2. d4 d5 3. Nc3 Nf6 4. Bg5 e6 5. e3 Be7 6. Bd3 Nbd7 7. Nf3 0-0 8. 0-0 h6 9. Bh4 dxc4 10. Bxc4 b5 11. Bd3 a6 12. a3 c5 13. Qc2 c4 14. Be4 Nxe4 15. Qxe4 Nf6 16. Qxa8 Qc7 17. Ne4 Bb7 18. Nxf6+ gxf6 19. Qa7 Ra8 20. Qxa8+ Bxa8 21. Rac1 Qd7 22. Rc2 Bxf3 23. gxf3 Kh7 24. Kg2 Qd5 25. Rd1 Qh5 26. Bg3 Qg6 27. e4 h5 28. h4 Bd6 29. a4 Bxg3 30. fxg3 f5 31. e5 f4 32. g4 hxg4 33. Kf2 g3+ 34. Kg2 Qxc2+ 0-1

[Event "GER-ch Net Amateur Gr-B Vor1"]
[Site "Playchess.com INT"]
[Date "2020.04.14"]
[Round "7"]
[White "Becker, Wolfgang"]
[Black "Glock, Benjamin"]
[Result "0-1"]
[WhiteElo "1773"]
[BlackElo "1570"]
[PlyCount "92"]
[EventDate "2020.04.14"]
[EventType "swiss (blitz)"]
[EventRounds "9"]
[EventCountry "GER"]
[SourceTitle "EXT 2021"]
[Source "ChessBase"]
[SourceDate "2020.10.23"]
[SourceVersion "1"]
[SourceVersionDate "2020.10.23"]
[SourceQuality "1"]

1. d4 Nf6 2. Bf4 d5 3. e3 c5 4. c3 Nc6 5. Nf3 e6 6. Ne5 Bd6 7. Nd2 cxd4 8. exd4 Bxe5 9. dxe5 Nd7 10. Nf3 Qc7 11. Bb5 a6 12. Bxc6 bxc6 13. 0-0 0-0 14. Bg3 Qb6 15. Qb3 Qc7 16. Rfe1 Nc5 17. Qa3 Ne4 18. Rac1 c5 19. c4 Nxg3 20. hxg3 d4 21. Qd3 Bb7 22. Ng5 g6 23. Ne4 Bxe4 24. Qxe4 Rfd8 25. Rcd1 Qa5 26. a3 Rab8 27. Re2 Rb3 28. Rdd2 Qa4 29. Rd3 Qxc4 30. Rxb3 Qxb3 31. Rd2 Qd5 32. Qc2 c4 33. Qa4 Qxe5 34. Rd1 d3 35. Qxc4 d2 36. Qxa6 Qe1+ 37. Rxe1 dxe1Q+ 38. Kh2 Rd1 39. Kh3 h5 40. g4 hxg4+ 41. Kxg4 Qxf2 42. Qc8+ Kg7 43. Qc3+ Qf6 44. Qc2 Qf5+ 45. Qxf5 exf5+ 46. Kf4 Rd2 0-1

[Event "GER-ch Net Amateur Gr-B Vor1"]
[Site "Playchess.com INT"]
[Date "2020.04.14"]
[Round "5"]
[White "Roesl, Martin"]
[Black "Becker, Wolfgang"]
[Result "1-0"]
[WhiteElo "1620"]
[BlackElo "1773"]
[PlyCount "111"]
[EventDate "2020.04.14"]
[EventType "swiss (blitz)"]
[EventRounds "9"]
[EventCountry "GER"]
[SourceTitle "EXT 2021"]
[Source "ChessBase"]
[SourceDate "2020.10.23"]
[SourceVersion "1"]
[SourceVersionDate "2020.10.23"]
[SourceQuality "1"]

1. e4 c6 2. d4 d5 3. e5 Bf5 4. g4 Bg6 5. h4 h5 6. e6 Qd6 7. exf7+ Bxf7 8. g5 g6 9. Ne2 Bg7 10. Bf4 Qd7 11. Nd2 e6 12. Nf3 Ne7 13. Ne5 Bxe5 14. Bxe5 Rg8 15. Ng3 Nf5 16. Nxf5 exf5 17. Be2 Qe6 18. c3 Nd7 19. Qb3 Nxe5 20. dxe5 0-0-0 21. f4 d4 22. Qxe6+ Bxe6 23. 0-0-0 dxc3 24. bxc3 Rxd1+ 25. Rxd1 Rd8 26. Rxd8+ Kxd8 27. Kb2 Kc7 28. Bd1 c5 29. Ka3 b5 30. Bf3 a5 31. Kb2 Kb6 32. a3 c4 33. Kc2 Kc5 34. Kd2 b4 35. axb4+ axb4 36. cxb4+ Kxb4 37. Bc6 c3+ 38. Kc1 Kc5 39. Be8 Kd4 40. Bxg6 Ke4 41. Bxh5 Kxf4 42. Be2 Kxe5 43. Kc2 Kd4 44. h5 f4 45. g6 Bf5+ 46. Kc1 Ke3 47. Bc4 f3 48. g7 Bh7 49. g8Q Bxg8 50. Bxg8 f2 51. Bc4 Kf4 52. h6 Kg3 53. h7 Kg2 54. h8Q f1Q+ 55. Bxf1+ Kxf1 56. Qxc3 1-0

[Event "GER-ch Net blitz qual4"]
[Site "Playchess.com INT"]
[Date "2020.03.23"]
[Round "7"]
[White "Becker, Wolfgang"]
[Black "Brunke, Pascal"]
[Result "0-1"]
[WhiteElo "1828"]
[BlackElo "1973"]
[PlyCount "74"]
[EventDate "2020.03.23"]
[EventType "swiss (blitz)"]
[EventRounds "9"]
[EventCountry "GER"]
[SourceTitle "CBM 195 Extra"]
[Source "ChessBase"]
[SourceDate "2020.05.31"]
[SourceVersion "1"]
[SourceVersionDate "2020.05.31"]
[SourceQuality "1"]

1. d4 f5 2. Bf4 Nf6 3. e3 g6 4. Nf3 Bg7 5. h3 0-0 6. Nbd2 d6 7. c3 c6 8. Qb3+ e6 9. 0-0-0 a5 10. Ng5 Qe7 11. Bc4 d5 12. Bd3 b5 13. Ngf3 Na6 14. Ne5 Bd7 15. a4 Rfb8 16. Qa3 b4 17. Qb3 c5 18. dxc5 Nxc5 19. Qc2 Bxa4 20. b3 bxc3 21. Qxc3 Nxb3+ 22. Nxb3 Rxb3 23. Qd4 Rb4 24. Qc3 Bxd1 25. Rxd1 Ne4 26. Bxe4 fxe4 27. Rd4 Rxd4 28. Qxd4 Qa3+ 29. Kd1 Qb3+ 30. Ke2 Qc2+ 31. Qd2 Qxd2+ 32. Kxd2 Bxe5 33. Bxe5 a4 34. Ba1 a3 35. Kc2 Rb8 36. f3 exf3 37. gxf3 a2 0-1

[Event "GER-ch Net blitz qual4"]
[Site "Playchess.com INT"]
[Date "2020.03.23"]
[Round "1"]
[White "Becker, Wolfgang"]
[Black "Hansch, Karsten"]
[Result "0-1"]
[WhiteElo "1828"]
[BlackElo "2300"]
[PlyCount "70"]
[EventDate "2020.03.23"]
[EventType "swiss (blitz)"]
[EventRounds "9"]
[EventCountry "GER"]
[SourceTitle "CBM 195 Extra"]
[Source "ChessBase"]
[SourceDate "2020.05.31"]
[SourceVersion "1"]
[SourceVersionDate "2020.05.31"]
[SourceQuality "1"]

1. d4 Nf6 2. Bf4 e6 3. e3 d5 4. Nf3 Bd6 5. Bg5 b6 6. Nbd2 c5 7. c3 Nbd7 8. Be2 Bb7 9. a3 Qc7 10. b4 c4 11. Qc2 h6 12. Bh4 0-0-0 13. a4 a6 14. Bg3 g5 15. Bxd6 Qxd6 16. a5 b5 17. 0-0-0 Nb8 18. Rde1 Nc6 19. Qb2 Ng4 20. Ref1 f5 21. h3 Nf6 22. Bd1 Ne4 23. Bc2 Rhf8 24. Nxe4 fxe4 25. Nd2 Rf7 26. f3 exf3 27. Nxf3 Rdf8 28. e4 Qg3 29. Bd1 dxe4 30. Qf2 Qxf2 31. Rxf2 exf3 32. Bxf3 Ne7 33. Rhf1 Bxf3 34. gxf3 Nd5 35. Kd2 Kd7 0-1

[Event "GER-ch Net blitz qual4"]
[Site "Playchess.com INT"]
[Date "2020.03.23"]
[Round "6"]
[White "Gypser, Andreas"]
[Black "Becker, Wolfgang"]
[Result "1-0"]
[WhiteElo "2143"]
[BlackElo "1828"]
[PlyCount "85"]
[EventDate "2020.03.23"]
[EventType "swiss (blitz)"]
[EventRounds "9"]
[EventCountry "GER"]
[SourceTitle "CBM 195 Extra"]
[Source "ChessBase"]
[SourceDate "2020.05.31"]
[SourceVersion "1"]
[SourceVersionDate "2020.05.31"]
[SourceQuality "1"]

1. e4 c6 2. d4 d5 3. Nc3 dxe4 4. Nxe4 Bf5 5. Ng3 Bg6 6. h4 h6 7. Nf3 Nd7 8. h5 Bh7 9. Bd3 Bxd3 10. Qxd3 Ngf6 11. Bf4 e6 12. 0-0 Be7 13. Qe2 0-0 14. c4 b5 15. b3 bxc4 16. bxc4 Qa5 17. Ne5 Nxe5 18. dxe5 Nd7 19. Rfd1 Rad8 20. Rd3 Nc5 21. Rf3 Rd7 22. Re1 Rfd8 23. Ne4 Nd3 24. Bd2 Qxa2 25. Rf1 Qxc4 26. Rg3 Kf8 27. Qg4 Bg5 28. Bxg5 hxg5 29. Qxg5 Qxe4 30. Qxg7+ Ke8 31. Qg8+ Ke7 32. Qg5+ Ke8 33. Qf6 Kf8 34. Qh8+ Ke7 35. Qf6+ Kf8 36. h6 Qxe5 37. Qxe5 Nxe5 38. h7 Ke7 39. Rg8 Ng6 40. f4 f5 41. Rxg6 Rh8 42. Rg7+ Ke8 43. Rg8+ 1-0

[Event "GER-ch Net blitz qual3"]
[Site "Playchess.com INT"]
[Date "2020.03.21"]
[Round "2"]
[White "Becker, Wolfgang"]
[Black "Kemper, Jannick"]
[Result "1-0"]
[WhiteElo "1828"]
[BlackElo "1588"]
[PlyCount "81"]
[EventDate "2020.03.21"]
[EventType "swiss (blitz)"]
[EventRounds "9"]
[EventCountry "GER"]
[SourceTitle "CBM 195 Extra"]
[Source "ChessBase"]
[SourceDate "2020.05.31"]
[SourceVersion "1"]
[SourceVersionDate "2020.05.31"]
[SourceQuality "1"]

1. d4 Nf6 2. Bf4 g6 3. e3 Bg7 4. c3 d6 5. h3 0-0 6. Nf3 Nbd7 7. Be2 b6 8. 0-0 Bb7 9. Nbd2 Nh5 10. Bh2 e5 11. dxe5 dxe5 12. Qc2 f5 13. Rad1 e4 14. Nd4 c5 15. N4b3 Qe7 16. Bxh5 gxh5 17. Rfe1 Kh8 18. Nc4 Ne5 19. Nxe5 Bxe5 20. Bxe5+ Qxe5 21. Rd7 Ba6 22. Nc1 Rg8 23. Ne2 Bd3 24. Qd2 Rad8 25. Rxd8 Rxd8 26. Nf4 c4 27. Nxh5 Rg8 28. Nf4 Qa5 29. b3 b5 30. b4 Qc7 31. Qd1 Qg7 32. a4 Qxc3 33. axb5 Qxb4 34. Qh5 Qxb5 35. Qf7 Qb6 36. Ra1 c3 37. Rxa7 Qh6 38. Qxf5 c2 39. Rc7 Qg5 40. Qd7 Qf5 41. Qxf5 1-0

[Event "GER-ch Net blitz qual3"]
[Site "Playchess.com INT"]
[Date "2020.03.21"]
[Round "8"]
[White "Filipiak, Thomas"]
[Black "Becker, Wolfgang"]
[Result "1-0"]
[WhiteElo "2032"]
[BlackElo "1828"]
[PlyCount "105"]
[EventDate "2020.03.21"]
[EventType "swiss (blitz)"]
[EventRounds "9"]
[EventCountry "GER"]
[SourceTitle "CBM 195 Extra"]
[Source "ChessBase"]
[SourceDate "2020.05.31"]
[SourceVersion "1"]
[SourceVersionDate "2020.05.31"]
[SourceQuality "1"]

1. d4 d5 2. e4 c6 3. Nc3 dxe4 4. f3 g6 5. fxe4 Bg7 6. Be3 Nf6 7. Nf3 0-0 8. Be2 b5 9. a3 Bb7 10. 0-0 a6 11. e5 Nd5 12. Nxd5 Qxd5 13. c3 Re8 14. Qd2 Nd7 15. Bh6 Bh8 16. Rad1 c5 17. Ne1 Rab8 18. Bf3 Qe6 19. Bf4 Bxf3 20. Nxf3 cxd4 21. cxd4 Nb6 22. Ng5 Qd5 23. e6 fxe6 24. Qe3 Nc4 25. Qh3 h5 26. Nxe6 Rb7 27. Rfe1 Qf5 28. Qxf5 gxf5 29. d5 Nxb2 30. Rd2 Nc4 31. Rd3 Bf6 32. Rg3+ Kh7 33. Bg5 Rg8 34. Bxf6 Rxg3 35. Ng5+ Kg6 36. hxg3 exf6 37. Nf3 Rd7 38. Nh4+ Kg5 39. Nf3+ Kh6 40. Re6 Kg7 41. Rxa6 Rxd5 42. Ra7+ Kg8 43. Nh4 Ne3 44. Kf2 Ng4+ 45. Ke2 Rc5 46. Kd3 Ne5+ 47. Kd4 Rc4+ 48. Kd5 Rg4 49. Ke6 Rxg3 50. Kxf6 Nc6 51. Rc7 Nd4 52. Ng6 Rxg2 53. Rg7# 1-0

[Event "GER-ch Net blitz qual3"]
[Site "Playchess.com INT"]
[Date "2020.03.21"]
[Round "7"]
[White "Litwak, Aleksej"]
[Black "Becker, Wolfgang"]
[Result "1-0"]
[WhiteElo "2295"]
[BlackElo "1828"]
[PlyCount "63"]
[EventDate "2020.03.21"]
[EventType "swiss (blitz)"]
[EventRounds "9"]
[EventCountry "GER"]
[SourceTitle "CBM 195 Extra"]
[Source "ChessBase"]
[SourceDate "2020.05.31"]
[SourceVersion "1"]
[SourceVersionDate "2020.05.31"]
[SourceQuality "1"]

1. e4 c6 2. Nc3 d5 3. Nf3 d4 4. Ne2 c5 5. c3 dxc3 6. bxc3 Nc6 7. d4 cxd4 8. cxd4 g6 9. g3 Bg7 10. Bg2 Nf6 11. e5 Nd5 12. 0-0 0-0 13. Qb3 e6 14. Bg5 Qb6 15. Qd3 Bd7 16. Rab1 Qc7 17. Qe4 a6 18. Qh4 Rfc8 19. Nf4 Nxf4 20. Qxf4 Re8 21. Qh4 b5 22. Bf6 Bc8 23. Rfc1 Bb7 24. Ng5 h6 25. Ne4 Qd7 26. Nc5 Qc7 27. Nxb7 Qxb7 28. Bxc6 Qb6 29. Bxg7 Kxg7 30. Qf6+ Kg8 31. Bxa8 Rxa8 32. Rc5 1-0